Los toros en España y México / (Record no. 92397)
[ view plain ]
| 000 -LEADER | |
|---|---|
| campo de control de longitud fija | 00752nam a2200229 i 4500 |
| 001 - NÚMERO DE CONTROL | |
| campo de control | 92397 |
| 003 - IDENTIFICADOR DE NÚMERO DE CONTROL | |
| campo de control | ES-MaACL |
| 005 - FECHA Y HORA DE LA ÚLTIMA TRANSACCIÓN | |
| campo de control | 20251009195331.0 |
| 007 - CAMPO FIJO DE DESCRIPCIÓN FÍSICA--INFORMACIÓN GENERAL | |
| campo de control de longitud fija | t| |
| 008 - DATOS DE LONGITUD FIJA--INFORMACIÓN GENERAL | |
| campo de control de longitud fija | 050307s1968 mx |||| | spa d |
| 100 1# - ENTRADA PRINCIPAL--NOMBRE DE PERSONA | |
| Nombre de persona | Linares, Agustín. |
| 9 (RLIN) | 72327 |
| 245 14 - MENCIÓN DEL TÍTULO | |
| Título | Los toros en España y México / |
| Mención de responsabilidad, etc. | Agustín Linares; prólogo de Carlos Arruza ; viñetas de Antonio Ferrer. |
| 250 ## - MENCION DE EDICION | |
| Mención de edición | 1ª ed. |
| 260 ## - PUBLICACIÓN, DISTRIBUCIÓN, ETC. | |
| Lugar de publicación, distribución, etc. | [México] : |
| Nombre del editor, distribuidor, etc. | [Imp. Vilar y Trillas], |
| Fecha de publicación, distribución, etc. | 1968. |
| 300 ## - DESCRIPCIÓN FÍSICA | |
| Extensión | 515 p. : |
| Otras características físicas | il. ; |
| Dimensiones | 33 cm. |
| 650 04 - PUNTO DE ACCESO ADICIONAL DE MATERIA--TÉRMINO DE MATERIA | |
| Término de materia o nombre geográfico como elemento de entrada | Ganaderías de toros de lidia. |
| 9 (RLIN) | 163235 |
| 650 #4 - PUNTO DE ACCESO ADICIONAL DE MATERIA--TÉRMINO DE MATERIA | |
| Término de materia o nombre geográfico como elemento de entrada | Toreros- |
| Subdivisión geográfica | México- |
| Subdivisión de forma | Biografías. |
| 9 (RLIN) | 161957 |
| 700 1# - ENTRADA AGREGADA--NOMBRE PERSONAL | |
| Nombre de persona | Arruza, Carlos. |
| 9 (RLIN) | 23404 |
| 700 1# - ENTRADA AGREGADA--NOMBRE PERSONAL | |
| Nombre de persona | Ferrer, Antonio, |
| Fechas asociadas al nombre | n. 1899 |
| 9 (RLIN) | 161893 |
| 852 ## - LOCALIZACIÓN | |
| Ubicación | ES-MaACL |
| Número de control de estantería | A-5560 |
| Estatus retirado | Estado de pérdida | Estado de daño | No para préstamo | Biblioteca de origen | Biblioteca actual | Ubicación en estantería | Fecha de adquisición | Fuente de adquisición | Total de préstamos | Signatura topográfica completa | Código de barras | Visto por última vez | Precio de reemplazo | Tipo de ítem Koha |
|---|---|---|---|---|---|---|---|---|---|---|---|---|---|---|
| Biblioteca del Ateneo de Madrid | Biblioteca del Ateneo de Madrid | Sala Pecera Planta 1 | 17/01/2008 | A-5560 | 1096463 | 23/02/2023 | 23/02/2023 | Libro impreso |
